00482nam a2200193Ia 4500008004100000020001800041245001700059245004500076245003600121260001500157260001600172260000900188300001500197300002500212300001000237440001400247500000800261999001900269170705s9999 xx 000 0 und d a9780439683883 a763 m.p.h. : bdriving faster than the speed of sound / cJeffrey Fuerst and Debra Scott. aNew York : bScholastic, c2004 a24 pages : bcolor illustration ; c19cm. aRead 180. a410 c336989d336989